| 000 | 00462nam a22001217a 4500 | ||
|---|---|---|---|
| 040 | _cRUA | ||
| 082 | _aAGR MEN 2012 C337 Or. | ||
| 100 | _aម៉ែន សារុម | ||
| 245 | _aAgricultural Research and Experimental designs.ការស្រាវជ្រាវកសិកម្ម និងវិធីសាស្រ្តរៀបចំការពិសោធន៍ | ||
| 260 |
_aphnom penh _brua _c2012 |
||
| 300 |
_axxiii.413p. _bill. |
||
| 942 | _cREC | ||
| 999 |
_c22519 _d22519 |
||